All major Australian sports teams - Statistics

General Stats
  • This quiz has been taken 8 times
  • The average score is 42 of 60
Answer Stats
Answer Hint % Correct
Brisbane Broncos NRL
88%
Canberra Raiders NRL
88%
Cronulla-Sutherland Sharks NRL
88%
Melbourne Victory A-League
88%
Newcastle Knights NRL
88%
Parramatta Eels NRL
88%
South Sydney Rabbitohs NRL
88%
St George Illawarra Dragons NRL
88%
Sydney Swans AFL
88%
West Coast Eagles AFL
88%
ACT Brumbies Super Rugby (AUS only)
75%
Adelaide Crows AFL
75%
Brisbane Lions AFL
75%
Canterbury-Bankstown Bulldogs NRL
75%
Carlton AFL
75%
Collingwood AFL
75%
Essendon AFL
75%
Fremantle AFL
75%
Geelong Cats AFL
75%
Gold Coast Suns AFL
75%
Manly Warringah Sea Eagles NRL
75%
Melbourne AFL
75%
Melbourne Renegades BBL
75%
Melbourne Storm NRL
75%
North Queensland Cowboys NRL
75%
Penrith Panthers NRL
75%
Perth Glory A-League
75%
Perth Scorchers BBL
75%
Queensland Reds Super Rugby (AUS only)
75%
Sydney FC A-League
75%
Sydney Roosters NRL
75%
Sydney Sixers BBL
75%
Wellington Phoenix A-League
75%
Western Bulldogs AFL
75%
Western Sydney Wanderers A-League
75%
Wests Tigers NRL
75%
Adelaide United A-League
63%
Brisbane Heat BBL
63%
Brisbane Roar A-League
63%
Central Coast Mariners A-League
63%
Dolphins NRL
63%
Gold Coast Titans NRL
63%
GWS Giants AFL
63%
Hawthorn AFL
63%
Melbourne City A-League
63%
Melbourne Stars BBL
63%
Newcastle Jets A-League
63%
New Zealand Warriors NRL
63%
North Melbourne AFL
63%
Port Adelaide AFL
63%
Richmond AFL
63%
St Kilda AFL
63%
Sydney Thunder BBL
63%
Adelaide Strikers BBL
50%
Hobart Hurricanes BBL
50%
Macarthur FC A-League
50%
Melbourne Rebels Super Rugby (AUS only)
50%
NSW Waratahs Super Rugby (AUS only)
50%
Western Force Super Rugby (AUS only)
50%
Western United A-League
50%
No matching quizzes found
Score Distribution
Percent of People with Each Score
Percentile by Number Answered
Your Score History
You have not taken this quiz